Dyment v Boyden and others (Record no. 74860)
[ view plain ]
| 000 -LEADER | |
|---|---|
| fixed length control field | 01733cam a2200205 4500 |
| 001 - CONTROL NUMBER | |
| control field | ABS68747 |
| 008 - FIXED-LENGTH DATA ELEMENTS--GENERAL INFORMATION | |
| fixed length control field | 050302n2005 000 0 eng u |
| 035 ## - SYSTEM CONTROL NUMBER | |
| System control number | (Sirsi) u128918 |
| 041 ## - LANGUAGE CODE | |
| Language code of text/sound track or separate title | eng |
| 245 ## - TITLE STATEMENT | |
| Title | Dyment v Boyden and others |
| 260 ## - PUBLICATION, DISTRIBUTION, ETC. | |
| Date of publication, distribution, etc. | 2005 |
| 490 ## - SERIES STATEMENT | |
| Series statement | Estates Gazette |
| Volume/sequential designation | [2005] 06 EG 142-147(6) |
| 520 ## - SUMMARY, ETC. | |
| Summary, etc. | [2004] EWCA Civ 1586, 26 November 2004. Considers if a tenant under a lease delivered in escrow should be treated as being bound to that lease. D appealed against an earlier judgment ([2004] EWHC 350, [2004] 2 BCLC 423) dismissing her application for relief under the Companies Act 1985. The second and third respondents (B) had granted D's company a lease a at rent reflecting their loss of earnings after D had exchanged her interest in the property for their interest in the company. D refused pay this rent on the grounds of an alleged agreement that she would not have to until her own property had been released from a charge and placed the company into voluntary liquidation. "Held": it was wrong in principle for an intended party to treat itself as bound to a lease before actually committing to the lease merely because the other party had delivered the lease in escrow; the escrow conditions were therefore not satisfied and the Companies Act 1985 s151(1) did not apply. Appeal dismissed. |
| 590 ## - LOCAL NOTE (RLIN) | |
| Local note | ABS |
| 650 ## - SUBJECT ADDED ENTRY--TOPICAL TERM | |
| Topical term or geographic name entry element | DYMENT V BOYDEN AND OTHERS |
| 650 ## - SUBJECT ADDED ENTRY--TOPICAL TERM | |
| Topical term or geographic name entry element | COMPANIES ACT 1985 |
| 690 ## - LOCAL SUBJECT ADDED ENTRY--TOPICAL TERM (OCLC, RLIN) | |
| Topical term or geographic name as entry element | PROPERTY-COMMERCIAL PROPERTY-LEASEHOLD COMMERCIAL PROPERTY-COMMERCIAL LANDLORD AND TENANT-COMMERCIAL LEASES |
| 856 ## - ELECTRONIC LOCATION AND ACCESS | |
| Uniform Resource Identifier | <a href="https://www.bailii.org/cgi-bin/markup.cgi?doc=/ew/cases/EWCA/Civ/2004/1586.html&query=dyment&method=all">https://www.bailii.org/cgi-bin/markup.cgi?doc=/ew/cases/EWCA/Civ/2004/1586.html&query=dyment&method=all</a> |
| Public note | View the judgment free of charge at www.bailii.org... |
| 942 ## - ADDED ENTRY ELEMENTS (KOHA) | |
| Suppress in OPAC | 0 |
| Withdrawn status | Lost status | Source of classification or shelving scheme | Damaged status | Not for loan | Home library | Current library | Shelving location | Date acquired | Total Checkouts | Full call number | Barcode | Date last seen | Copy number | Price effective from | Koha item type |
|---|---|---|---|---|---|---|---|---|---|---|---|---|---|---|---|
| Dewey Decimal Classification | London | London | Journal article | 02/03/2005 | ABS68747 | 128918-1001 | 06/08/2019 | 1 | 06/08/2019 | Journal article |